00453 a2200109 4500001001000000005001700010008004100027245017900068100001900247773006000266999001700326ART_5101220260410161945.0260409a 10aComentario al fallo de la SCBA "Marchetti, Jorge Gabriel c/Fiscalía de Estado de la Provincia de Buenos Aires s/accidente de trabajo-acción especial", sent. del 13/5/20201 aTula, Diego J.0 tTemas de derecho laboralg- N° 7 (jul. 2020)wREV27619 c29874d29874